Divinas palabras (Record no. 9736)

MARC details
000 -LEADER
campo de control de longitud fija 00855nam a2200253 i 4500
001 - NÚMERO DE CONTROL
campo de control 9736
003 - IDENTIFICADOR DE NÚMERO DE CONTROL
campo de control ES-MaACL
005 - FECHA Y HORA DE LA ÚLTIMA TRANSACCIÓN
campo de control 20250822061904.0
007 - CAMPO FIJO DE DESCRIPCIÓN FÍSICA--INFORMACIÓN GENERAL
campo de control de longitud fija t|
008 - DATOS DE LONGITUD FIJA--INFORMACIÓN GENERAL
campo de control de longitud fija 931209s1991 sp ||||1| spa d
020 ## - NÚMERO INTERNACIONAL ESTÁNDAR DEL LIBRO
Número Internacional Estándar del Libro 84-239-3866-2
080 ## - NÚMERO DE LA CLASIFICACIÓN DECIMAL UNIVERSAL
Número de la Clasificación Decimal Universal 86-23"19"
080 ## - NÚMERO DE LA CLASIFICACIÓN DECIMAL UNIVERSAL
Número de la Clasificación Decimal Universal 86(Valle-Inclán,R.7 D.01)
100 1# - ENTRADA PRINCIPAL--NOMBRE DE PERSONA
Nombre de persona Valle-Inclán, Ramón del,
Fechas asociadas al nombre 1866-1936
9 (RLIN) 112796
245 10 - MENCIÓN DEL TÍTULO
Título Divinas palabras
Resto del título : tragicomedia de aldea /
Mención de responsabilidad, etc. Ramón del Valle-Inclán ; edición crítica de Luis Iglesias Feijoo.
260 ## - PUBLICACIÓN, DISTRIBUCIÓN, ETC.
Lugar de publicación, distribución, etc. Madrid :
Nombre del editor, distribuidor, etc. Espasa-Calpe,
Fecha de publicación, distribución, etc. D.L.1991.
300 ## - DESCRIPCIÓN FÍSICA
Extensión 402 p. ;
Dimensiones 20 cm.
490 1# - MENCIÓN DE SERIE
Mención de serie Clásicos castellanos ;
Designación de volumen o secuencia 26
504 ## - NOTA DE BIBLIOGRAFÍA, ETC.
Nota de bibliografía, etc. Bibliografía: p.87-106.
700 1# - ENTRADA AGREGADA--NOMBRE PERSONAL
Nombre de persona Iglesias Feijoo, Luis.
9 (RLIN) 65110
830 00 - PUNTO DE ACCESO ADICIONAL DE SERIE-TÍTULO UNIFORME
Título uniforme Clásicos castellanos (Espasa-Calpe)
Designación de volumen o secuencia 26
9 (RLIN) 183802
852 ## - LOCALIZACIÓN
Ubicación ES-MaACL
Número de control de estantería L-17035
Sublocalización o colección R.121919
Holdings
Estatus retirado Estado de pérdida Estado de daño No para préstamo Biblioteca de origen Biblioteca actual Ubicación en estantería Fecha de adquisición Fuente de adquisición Total de préstamos Signatura topográfica completa Código de barras Visto por última vez Precio de reemplazo Tipo de ítem Koha
        Biblioteca del Ateneo de Madrid Biblioteca del Ateneo de Madrid Depósito 2 17/01/2008     L-17035 1009935 23/02/2023 23/02/2023 Libro impreso